| 000 | 00707nam a2200241 a 4500 | ||
|---|---|---|---|
| 001 | BRCA_5935 | ||
| 005 | 20190320205252.0 | ||
| 008 | 220311s1928----nyua######---#000-1#eng-# | ||
| 041 | _aeng | ||
| 044 | _anyu | ||
| 050 | 4 |
_aDP402 _b.I78 _c1928 |
|
| 100 | 1 |
_aIrving, Washington. _d1783-1859 _914989 |
|
| 245 | 1 | 0 |
_aThe Alhambra _cWashington Irving; ed. by Alfred M. Hitchcock. |
| 260 |
_aNew York _bMacmillan _c1928 |
||
| 300 |
_a426 p. _bil. _c15 cm. |
||
| 500 | _aH166 | ||
| 650 | 1 | 4 |
_aLiteratura estadounidense _914990 |
| 651 | 4 |
_aAlhambra, España _vNovela. _914991 |
|
| 651 | 4 |
_aEspaña _vDescripción de viajes. _914992 |
|
| 700 | 1 |
_aAlfred M. Hitchcock _eed. _914993 |
|
| 902 | _aGFM | ||
| 942 |
_2lcc _cB |
||
| 999 |
_c5624 _d5624 |
||